Spider's lunch all about garden spiders / (Record no. 4949)

MARC details
000 -LEADER
fixed length control field 01006nam a22003017a 4500
001 - CONTROL NUMBER
control field 4949
003 - CONTROL NUMBER IDENTIFIER
control field FISKH
005 - DATE AND TIME OF LATEST TRANSACTION
control field 20241028113812.0
008 - FIXED-LENGTH DATA ELEMENTS--GENERAL INFORMATION
fixed length control field 241028b cb ||||| |||| 00| 0 eng d
020 ## - INTERNATIONAL STANDARD BOOK NUMBER
International Standard Book Number 9780448402239
040 ## - CATALOGING SOURCE
Original cataloging agency FISKH
Language of cataloging eng
Transcribing agency FISKH
Modifying agency FISKH
050 ## - LIBRARY OF CONGRESS CALL NUMBER
Classification number QL458.C64
082 ## - DEWEY DECIMAL CLASSIFICATION NUMBER
Classification number 595.44
100 ## - MAIN ENTRY--PERSONAL NAME
Personal name Cole, Joanna
Dates associated with a name (1944–2020)
245 ## - TITLE STATEMENT
Title Spider's lunch all about garden spiders /
Statement of responsibility, etc. by Joanna Cole illustrated by Ron Broda
250 ## - EDITION STATEMENT
Edition statement 1995
260 ## - PUBLICATION, DISTRIBUTION, ETC.
Place of publication, distribution, etc. New York :
Name of publisher, distributor, etc. Penguin Young,
Date of publication, distribution, etc. 1995.
300 ## - PHYSICAL DESCRIPTION
Extent 32 pages :
Other physical details Color illustrator
Dimensions 23 cm
505 ## - FORMATTED CONTENTS NOTE
Formatted contents note G<br/>
520 ## - SUMMARY, ETC.
Summary, etc. Level 2. This introduction to the arachnid world explains how a hungry garden spider obtains food by building a web and patiently waiting to catch something tasty.
521 8# - TARGET AUDIENCE NOTE
Target audience note 330L<br/>
Source Lexile<br/>
521 8# - TARGET AUDIENCE NOTE
Target audience note G<br/>
Source Raz-Plus<br/>
650 ## - SUBJECT ADDED ENTRY--TOPICAL TERM
Source of heading or term Non-fiction
Topical term or geographic name entry element Early reader
Form subdivision Insects
650 ## - SUBJECT ADDED ENTRY--TOPICAL TERM
Source of heading or term Science
Topical term or geographic name entry element All Aboard Reading
700 ## - ADDED ENTRY--PERSONAL NAME
Personal name Broda, Ron
Dates associated with a name Illustrator
942 ## - ADDED ENTRY ELEMENTS (KOHA)
Source of classification or shelving scheme Dewey Decimal Classification
Koha item type Books
Suppress in OPAC No
Holdings
Withdrawn status Lost status Source of classification or shelving scheme Damaged status Not for loan Collection Home library Current library Shelving location Date acquired Total Checkouts Full call number Barcode Date last seen Date last checked out Copy number Price effective from Koha item type
    Dewey Decimal Classification     Non-Fiction Footprints International School Library Network Toul Kork Campus Footprints International School Library Network Toul Kork Campus TK Primary Library Room(4th Floor), Bookcase 7, Shelves 57-60, Dark Green Books 10/28/2024 1 COL 595.44 QL458.C64 2024-2237 03/12/2026 01/14/2026 1 10/28/2024 Books